00680nam a22002057a 450000500170000001000150001702000300003203500140006203700130007608200120008910000230010124500990012426000230022327001080024630000230035450000370037770000210041470000220043570000170045720220215161029.0 aENG-126447 c369.00a978-93-534-3228-7 aEN-109979 bDBAD/PUB a320.954 aAbhay Prasad Singh aConstitutional Government and Democracy in India /cBy Abhay Prasad Singh [and] Krishna Murari aU.PbPearsonc2019 bNoidaa Plot-1 Block-C, Sector-16e201301k08030461060l08030461003mcompanysecretary.india@pearson.com axv376p.c22cm(pbk) aIncludes index and bibliography  aJajware, Kaushal aBhagowati, Partha aSharmilee, G